[Event "Dortmund Sparkassen op-B 44th"]
[Site "Dortmund"]
[Date "2016.07.13"]
[Round "5"]
[White "Jaehnicke, Karl Heinz"]
[Black "Von Kampen, Sebastian"]
[Result "1-0"]
[WhiteElo "1740"]
[BlackElo "1587"]
[PlyCount "105"]
[EventDate "2016.07.09"]
[EventType "swiss"]
[EventRounds "9"]
[EventCountry "GER"]
[SourceTitle "CBM 173 Extra"]
[Source "ChessBase"]
[SourceDate "2016.08.29"]
[SourceVersion "1"]
[SourceVersionDate "2016.08.29"]
[SourceQuality "1"]

1. d4 d5 2. c4 e6 3. Nf3 Nf6 4. e3 Ne4 5. Bd3 Bb4+ 6. Nbd2 Bd7 7. 0-0 Nxd2 8. Bxd2 Nc6 9. Bc3 Qe7 10. Qd2 a5 11. a3 Bxc3 12. bxc3 dxc4 13. Bxc4 0-0 14. e4 Rfd8 15. Qf4 Rac8 16. e5 Rf8 17. Rfd1 f6 18. Qg4 fxe5 19. dxe5 Rce8 20. Bd3 g6 21. Bc2 Bc8 22. h4 Rf7 23. h5 Qc5 24. hxg6 Rg7 25. gxh7+ Kh8 26. Qh5 Rf8 27. Bg6 Ne7 28. Be4 b6 29. Rd2 Nd5 30. Ng5 Qxc3 31. Rad1 c6 32. Bg6 Qxa3 33. Nf7+ Rfxf7 34. Bxf7 Bd7 35. Bg6 b5 36. Rd3 Qe7 37. Rf3 c5 38. Qh4 Rxg6 39. Qxe7 Nxe7 40. Rxd7 Nf5 41. Rh3 Rh6 42. Rc3 c4 43. g4 Rg6 44. f3 a4 45. Kf2 Rg7 46. Rd8+ Kxh7 47. gxf5 exf5 48. Rb8 Ra7 49. Rxb5 a3 50. Rb1 a2 51. Ra1 Ra4 52. Rc2 Rb4 53. Raxa2 1-0